Plodnosť žien rómskej národnosti na Slovensku podľa výsledkov sčítania obyvateľov 2021

Hlavným cieľom príspevku je analýza generačnej a kohortnej plodnosti žien na Slovensku deklarujúcich v sčítaní obyvateľov domov a bytov 2021 rómsku národnosť. Získané výsledky porovnávame so skupinou žien inej ako rómskej národnosti. Potvrdzuje sa medzigeneračné pretrvávanie vyššej konečnej plodnost...

Ausführliche Beschreibung

Gespeichert in:
Bibliographische Detailangaben
1. Verfasser: Šprocha, Branislav
Format: Buchkapitel
Sprache:Slowakisch
Schlagworte:
Tags: Tag hinzufügen
Keine Tags, Fügen Sie das erste Tag hinzu!

MARC

LEADER 00000naa a2200000 4500
001 0295676
005 20240417075244.4
041 0 |a slo 
044 |a SK 
245 1 0 |a Plodnosť žien rómskej národnosti na Slovensku podľa výsledkov sčítania obyvateľov 2021  |c Branislav Šprocha 
520 |a Hlavným cieľom príspevku je analýza generačnej a kohortnej plodnosti žien na Slovensku deklarujúcich v sčítaní obyvateľov domov a bytov 2021 rómsku národnosť. Získané výsledky porovnávame so skupinou žien inej ako rómskej národnosti. Potvrdzuje sa medzigeneračné pretrvávanie vyššej konečnej plodnosti u žien rómskej národnosti. Identifikovaný pokles realizovanej plodnosti navyše bol v najmladších generáciách prerušený. To bolo podmienené vyššou pravdepodobnosťou narodenia detí tretích a vyšších poradí. Celkovo vyššia plodnosť žien rómskej národnosti sa formuje už v mladšom veku. Podmieňuje to nielen výrazne skorší začiatok reprodukčných dráh, ale aj častejšie rodenie detí druhých a vyšších poradí v prvej polovici reprodukčného obdobia. 
610 2 0 |a demografia 
610 2 0 |a plodnosť 
610 2 0 |a ženy 
610 2 0 |a Rómovia 
610 2 0 |a obyvateľstvo 
610 2 0 |a štatistika demografická 
610 2 0 |a Slovensko 
100 1 |a Šprocha, Branislav